Políticas públicas y cooperativismo en Colombia : (Registro nro. 3923)
[ vista simple ]
| 000 -LEADER | |
|---|---|
| fixed length control field | 03294nam a2200301Ia 4500 |
| 003 - CONTROL NUMBER IDENTIFIER | |
| control field | OSt |
| 005 - DATE AND TIME OF LATEST TRANSACTION | |
| control field | 20210205172403.0 |
| 008 - FIXED-LENGTH DATA ELEMENTS--GENERAL INFORMATION | |
| fixed length control field | 191128s2011 ck ad fr 000 0 spa d |
| 020 ## - INTERNATIONAL STANDARD BOOK NUMBER | |
| International Standard Book Number | 9789587340877 |
| 040 ## - CATALOGING SOURCE | |
| Original cataloging agency | CO-JMCR |
| Transcribing agency | CO-JMCR |
| 041 0# - LANGUAGE CODE | |
| Language code of text/sound track or separate title | spa |
| 082 04 - DEWEY DECIMAL CLASSIFICATION NUMBER | |
| Classification number | 334 / |
| Item number | C352p |
| Edition number | 23 |
| 100 1# - MAIN ENTRY--PERSONAL NAME | |
| Personal name | Castillo Sandoval, Darío, |
| Relator term | autor |
| 9 (RLIN) | 6165 |
| 245 10 - TITLE STATEMENT | |
| Title | Políticas públicas y cooperativismo en Colombia : |
| Remainder of title | 30 años de encuentros y desencuentros / |
| Statement of responsibility, etc. | Darío Castillo Sandoval, Christian José Mora Padilla, Néstor Rodríguez Espinosa y [otros 4] |
| 250 ## - EDITION STATEMENT | |
| Edition statement | Primera edición |
| 260 ## - PUBLICATION, DISTRIBUTION, ETC. | |
| Place of publication, distribution, etc. | Bogotá : |
| Name of publisher, distributor, etc. | IEMP Ediciones, |
| Date of publication, distribution, etc. | 2011 |
| 300 ## - PHYSICAL DESCRIPTION | |
| Extent | 315 páginas : |
| Other physical details | ilustraciones y gráficas a blanco y negro ; |
| Dimensions | 24 cm. |
| 500 ## - GENERAL NOTE | |
| General note | Tapa: "Un aporte al "Año Internacional de loas Cooperativas, 2012" (ONU) y a la celebración de los 80 años de la primera Ley de Cooperativas (Ley 134 de 1931)" |
| 504 ## - BIBLIOGRAPHY, ETC. NOTE | |
| Bibliography, etc. note | Bibliografía: páginas 303-315 |
| 505 0# - FORMATTED CONTENTS NOTE | |
| Formatted contents note | El papel del ministerio público frente al cooperativismo en Colombia -- Marco conceptual sobre las políticas públicas en el sector cooperativo en Colombia -- Reseña histórica del cooperativismo en Colombia -- Marco legal de las políticas públicas del sector cooperativo -- Planes de desarrollo del sector cooperativo de 1980 a 2010 una mirada al Plandecoop -- Análisis de las políticas públicas en el sector agropecuario y su incidencia en el cooperativismo -- Las políticas públicas en el sector de cooperativas de consumo 1980-2010 -- Política pública a nivel nacional en Colombia frente al cooperativismo financiero y de ahorro y crédito en el período 1980-2010 -- Análisis de las políticas públicas en materia del cooperativismo de trabajo asociado en el periodo 1980-2010 -- A manera de conclusión: retos del cooperativismo colombiano para la próxima década 2010-2019 |
| 520 3# - SUMMARY, ETC. | |
| Summary, etc. | El presente libro recoge un cuidadoso estudio realizado por un grupo de investigadores expertos en el tema cooperativo, sobre el papel que las políticas públicas han jugado en el desarrollo e impulso de los sectores cooperativos del ahorro y crédito, el cooperativismo de trabajo asociado, las cooperativas de consumo y las cooperativas agropecuarias. Su publicación en este momento, es de una gran importancia porque permite tener claridades con relación a la manera como el Estado se ha relacionado con el cooperativismo, afectándolo favorable o desfavorablemente. Las conclusiones del estudio, si bien son preocupantes al denotar el desconocimiento que el sector público tiene sobre los aspectos centrales de la propuesta cooperativa, que conduce a que la política pública no sea favorable para el impulso y consolidación del sector, también traduce una crítica a los líderes del sector, por su escasa preocupación en buscar una mayor visibilidad del sector en la sociedad colombiana a la vez que ofrece una orientación precisa del quehacer a futuro del sector, en cuanto a su relación con el Estado y con la sociedad civil. |
| 650 14 - SUBJECT ADDED ENTRY--TOPICAL TERM | |
| Topical term or geographic name entry element | Cooperativismo |
| Geographic subdivision | Colombia |
| 9 (RLIN) | 6166 |
| 650 14 - SUBJECT ADDED ENTRY--TOPICAL TERM | |
| Topical term or geographic name entry element | Políticas públicas |
| Geographic subdivision | Colombia |
| 9 (RLIN) | 6167 |
| 650 14 - SUBJECT ADDED ENTRY--TOPICAL TERM | |
| Topical term or geographic name entry element | Cooperativas |
| Geographic subdivision | Colombia |
| 9 (RLIN) | 6168 |
| 700 1# - ADDED ENTRY--PERSONAL NAME | |
| Personal name | Mora Padilla, Christian José, |
| Relator term | autor |
| 9 (RLIN) | 6169 |
| 700 1# - ADDED ENTRY--PERSONAL NAME | |
| Personal name | Rodríguez Espinosa, Néstor, |
| Relator term | autor |
| 9 (RLIN) | 6170 |
| 942 ## - ADDED ENTRY ELEMENTS (KOHA) | |
| Source of classification or shelving scheme | Dewey Decimal Classification |
| Koha item type | Books |
| Withdrawn status | Lost status | Source of classification or shelving scheme | Damaged status | Not for loan | Collection code | Home library | Current library | Date acquired | Source of acquisition | Cost, normal purchase price | Total Checkouts | Full call number | Barcode | Date last seen | Copy number | Koha item type |
|---|---|---|---|---|---|---|---|---|---|---|---|---|---|---|---|---|
| Dewey Decimal Classification | Non-fiction | Biblioteca Pública José María del Castillo y Rada | Biblioteca Pública José María del Castillo y Rada | 12/12/2018 | Donación | 0.00 | 334 / C352p | 201808671 | 05/16/2024 | Ej.1 | Books |